00961nam a2200277 i 450000100060000000300090000600500170001500800390003201500160007103500210008704000280010808000080013610000370014424500350018126000560021630000440027233600270031633700540034333800280039738000170042550400460044265800280048865000270051671000420054385600980058525467KOSZ 00520200630132830.0070729s1971 pl a f 001 0 pol aPB 1972/634 a(OCoLC)749220603 aWA NcWA NdKOSZ 005/KK a5381 aCofta, Henrykd(1922- ).eAutor.10aMetamagnetyki /cHenryk Cofta. aWarszawa :bPaństwowe Wydawnictwo Naukowe,c1971. a222, [2] strony :bilustracje ;c18 cm. 2rdacontentaTekstbtxt 2rdamediaaBez urządzenia pośredniczącegobn 2rdacarrieraWoluminbnc aKsiążki. aBibliografia na stronach 201-213. Indeks. aInżynieria i technika 4aMateriały magnetyczne aPaństwowe Wydawnictwo Naukowe4pbl. uhttp://koha.tu.koszalin.pl/cgi-bin/koha/opac-detail.pl?biblionumber=25467yKatalog online BPK